| 000 | 00363nam a2200157Ia 4500 | ||
|---|---|---|---|
| 008 | 230524s9999 xx 000 0 und d | ||
| 082 |
_a515.16 _bDHA |
||
| 100 | _aH.S.Dhami | ||
| 245 | 0 | _aDifferential Calculus | |
| 250 | _a1ST | ||
| 260 |
_aNEW DELHI _bNAI _c2001 |
||
| 300 | _aXV;388 | ||
| 500 | _aQuantity Number: 2 | ||
| 650 | _aMathematics | ||
| 942 | _cBK | ||
| 999 |
_c33212 _d33212 |
||